Statistics for Guess the MCU Character- Bad Description #1

Click here to take the quiz!

General Stats

  • This quiz has been taken 18 times
  • The average score is 13 of 20

Answer Stats

HintAnswer% Correct
Wait, he's a professor now?! How did that work???Hulk
100%
Guys got commitment issues... and he'd kind of a douche bag with ego problemsIron man
100%
GoldilocksThor
100%
How is she on par with super powered people? I'm not complaining just curious...Black Widow
88%
He's a REALLY old soulCaptain America
81%
Oh, a black Character who doesn't have lightning powers!! And he's a Huge hit!!Black Panther
75%
He looks nothing like... Oh, he's adoptedLoki
75%
Anger issues in human form. Also, robot armWinter Soldier
75%
Uuummm, we might need a translator...Unless those are the only words he knowsGroot
69%
You're telling me .....THE CAT DID THAT!!??Nick Fury
69%
Had a sad childhood, became a villain, became a hero, married a robot, he died, so she became a villain.Scarlett Witch
69%
He's half Human, Half God. He's!!... Wait they're not called God's and this won't be relevant after this movie? Well then what was the point?!Star-Lord
69%
Alexa and google had a baby. He's not into the whole human thingUltron
63%
"I'Ll bE ShOoTiNg FoR mY oWn HaNd"Hawkeye
56%
Some guy just beat up water, animals, scientists, and monsters. New York is weird.Spiderman
56%
It only took her husband A WHOLE SAGA to commit to herPepper Potts
44%
He has really sensitive skin, it still hasn't healed from his last sunburnRed Skull
31%
"...whips and chains excite me...."Whiplash
31%
The other universe did him betterQuicksilver
25%
Oh no, the big boss of the company is actually the villain and he helps lead a villain league!? Who could have seen this coming!?Alexander Pierce
6%

Score Distribution

Percentile by Number Answered

Percent of People with Each Score

Your Score History

You have not taken this quiz